00372nam a2200121Ia 450000500170000000800410001708200110005810000170006924500460008626000540013230000120018650000520019820250522011251.0240331s9999 xx 000 0 und d a301SEN aSenthival, K 0aKailasapathiyin samooga nokum pangalippum aMadrasbNational Art & Literary Associationc1992 a79 p ., aA book About Kalilasapathyin Samooga Pangalippu